Vista normal Vista MARC

Entrada Materia (corporativa)

Número de registros utilizados en: 1

001 - CONTROL NUMBER

  • control field: 78403

003 - CONTROL NUMBER IDENTIFIER

  • control field: Co-BoUCM

005 - DATE AND TIME OF LATEST TRANSACTION

  • control field: 20160728125655.0

008 - FIXED-LENGTH DATA ELEMENTS

  • fixed length control field: 160728|| aca||aabn | a|a d

040 ## - CATALOGING SOURCE

  • Original cataloging agency: Co-BoUCM
  • Transcribing agency: Co-BoUCM

110 ## - HEADING--CORPORATE NAME

  • Corporate name or jurisdiction name as entry element: State University College (Oswego, N.Y.)

670 ## - SOURCE DATA FOUND

  • Source citation: Work cat.: (Co-BoUCM): State University College (Oswego, N.Y.), Report on higher education in the state of New York for the school year ending july 31, 1923, 1925